Normal view
MARC view
- حقوق الافراد-الضمانات الدستورية-القانون الدستوري
Entry Topical Term
001 - CONTROL NUMBER
- control field: 62940
003 - CONTROL NUMBER IDENTIFIER
- control field: JO-AjAnu
005 - DATE AND TIME OF LATEST TRANSACTION
- control field: 20230606084257.0
008 - FIXED-LENGTH DATA ELEMENTS
- fixed length control field: 230606|| aca||aabn | a|a d
040 ## - CATALOGING SOURCE
- Original cataloging agency: JO-AjAnu
- Transcribing agency: JO-AjAnu
150 ## - HEADING--TOPICAL TERM
- Topical term or geographic name entry element: حقوق الافراد-الضمانات الدستورية-القانون الدستوري
670 ## - SOURCE DATA FOUND
- Source citation: Work cat.: (JO-AjAnu)32092: البطوش، ايمن محمد, author 62939, الضمانات الدستورية والقانونية لحماية حقوق الإنسان في الأردن